000 00482nam a2200205Ia 4500
003 OSt
005 20220927114241.0
006 a|||||r|||| 00| 0
007 ta
008 220926b |||||||| |||| 00| 0 eng d
024 _a148805
037 _cTextbook
040 _aRTL
_cRTL
_beng
041 _2eng
_aeng
082 _aU
100 _aAGGARWAL Sk
_9387919
245 0 _aComputer application in geography
942 _hU
_cCC
999 _c703773
_d703773